राजस्थानी हिन्दी हस्तलिखित ग्रंथ सूची (Record no. 305612)

MARC details
000 -LEADER
fixed length control field 00948nam a2200229Ia 4500
003 - CONTROL NUMBER IDENTIFIER
control field OSt
005 - DATE AND TIME OF LATEST TRANSACTION
control field 20220923212024.0
008 - FIXED-LENGTH DATA ELEMENTS--GENERAL INFORMATION
fixed length control field 220922b |||||||| |||| 00| 0 hin d
037 ## - SOURCE OF ACQUISITION
Terms of availability Textual
040 ## - CATALOGING SOURCE
Original cataloging agency ARTS
Transcribing agency ARTS
Language of cataloging hin
041 ## - LANGUAGE CODE
Source of code hin
Language code of text/sound track or separate title hin
100 ## - MAIN ENTRY--PERSONAL NAME
Personal name जैन, जितेन्द्र कुमार, संपा.
9 (RLIN) 161879
245 #0 - TITLE STATEMENT
Title राजस्थानी हिन्दी हस्तलिखित ग्रंथ सूची
246 ## - VARYING FORM OF TITLE
Title proper/short title Rājasthānī hindī hastalikhit grantha sūchī
260 ## - PUBLICATION, DISTRIBUTION, ETC.
Place of publication, distribution, etc. जोधपुर
Name of publisher, distributor, etc. राजसथान प्राच्यविछा प्रतिष्ठान
Date of publication, distribution, etc. 1974
942 ## - ADDED ENTRY ELEMENTS (KOHA)
Classification part a12,3152,237,N78, 152L4.3-.4
Koha item type Textual
Source of classification or shelving scheme Colon Classification (CC)
Holdings
Withdrawn status Lost status Damaged status Not for loan Home library Current library Date acquired Total Checkouts Full call number Barcode Date last seen Price effective from Koha item type
        Arts Library Arts Library 2022-09-23   a12,3152,237,N78 152L4.3-.4 AL0879272 2022-09-23 2022-09-23 Textual
Copyright @ Delhi University Library System